| 000 | 00437nam a2200157Ia 4500 | ||
|---|---|---|---|
| 008 | 230917s9999||||xx |||||||||||||| ||und|| | ||
| 040 |
_e175261 _aMAIN |
||
| 041 | _aEnglish | ||
| 082 | _a327 G51G(4) | ||
| 100 | _aBaylis, John | ||
| 245 | 0 | _aGlobalization of the world politics : An introduction to international relations | |
| 250 | _a4th ed. | ||
| 260 |
_aOxford _bOxford University Press _c2008 |
||
| 300 | _a622 p. | ||
| 942 | _cBK | ||
| 999 |
_c156594 _d156594 |
||